000 00583nam a2200181 a 4500
005 20140310183145.0
008 020823s19uu xx 00 eng d
020 _a015503027
050 _aPE 1417
_b.Es88 1998
245 _aEssays from contemporary culture /
_cKatherine Anne Ackley.
260 _aFt. Worth :
_bHarcourt Brace College Publishers,
_c1998.
300 _a431 p. :
_c24 cm.
650 _aCollege readers
650 _aEnglish language
_xrhetoric
650 _aCivilization, modern
_x20th century
_xpproblems, exercises, etc.
942 _cBK
_2lcc
_kFOR
999 _c19515
_d19515